Statistiques concernant Les plus grandes villes de France commencent par V

Cliquez ici pour prendre le quiz!

Statistiques générales

  • Ce quiz a été pris 215 fois
  • Le résultat moyen est 9 sur 25

Statistiques - réponses

DépartementPopulationVille% Correct
Métropole de Lyon147 563Villeurbanne
87%
Drôme62 724Valence
87%
Yvelines85 771Versailles
82%
Morbihan53 175Vannes
82%
Nord44 043Valenciennes
68%
Métropole de Lyon64 273Vénissieux
54%
Isère29 192Vienne
51%
Val-de-Marne92 531 Vitry-sur-Seine
46%
Cher26 919Vierzon
44%
Nord61 920Villeneuve-d'Ascq
38%
Métropole de Lyon47 313Vaulx-en-Velin
36%
Val-de-Marne56 666Villejuif
33%
Bouches-du-Rhône34 089Vitrolles
32%
Rhône36 374Villefranche-sur-Saône
30%
Val-de-Marne49 461Vincennes
27%
Hauts-de-Seine27 806Vanves
24%
Meurthe-et-Moselle29 923Vandœuvre-lès-Nancy
19%
Gironde31 620Villenave-d'Ornon
17%
Val-de-Marne32 262Villeneuve-Saint-Georges
15%
Seine-Saint-Denis29 849Villemomble
14%
Essonne30 831Viry-Châtillon
13%
Seine-Saint-Denis36 514 Villepinte
13%
Val de Marne28 511Villiers-sur-Marne
8%
Essonne30 781Vigneux-sur-Seine
5%
Val d'Oise27 546Villiers-le-Bel
5%

Distribution des résultats

Percentile par nombre de réponses

% des personnes avec chaque résultat

Votre développement - résultats

Vous n’avez pas pris ce quiz